00393nam a22001577a 4500003001100000005001700011008004100028020001500069040003900084041000800123082001300131100001900144245002900163260002400192650001900216LK-CoMWRAF20231117205250.0231117b |||||||| |||| 00| 0 eng d a0140185488 aLK-CoMWRAFdLK-CoMWRAFeLK-CoMWRAF aeng a823bNAR aNarayan, R. K. aThe Man-eater of malgudi b Viking Adultc1961 aChildren books